| 000 | 00500nam a2200157Ia 4500 | ||
|---|---|---|---|
| 999 |
_c20422 _d20422 |
||
| 003 | OSt | ||
| 005 | 20200610122446.0 | ||
| 008 | 190216s9999||||xx |||||||||||||| ||und|| | ||
| 040 | _coclc | ||
| 082 |
_a297.265 _bKHA/M |
||
| 100 |
_aKhan, Muhammad Abdur Rahman _92737 |
||
| 245 | 0 |
_aMuslim Contribution To Science And Culture / _cMuhammad Abdur Rahman Khan |
|
| 260 |
_bIdarah-1 Adabiyat-1, _c1993. _aDelhi: |
||
| 300 | _a116p | ||
| 942 |
_cBK _2ddc _h297.265 _iKHA/M _k297.265 _mKHA/M |
||